000 00712nam a2200265Ia 4500
005 20260121124415.0
008 008 260114s9999 xx 000 0 eng d
020 _a9780520337299
037 _aEBOOK
040 _aCRL
040 _beng
040 _cCRL
041 _2eng
041 _aeng
084 _qCRL
100 _aPearson, M. N.
_9975464
245 0 _aMerchants and the rulers of Gujarat: the response to the portuguese in the sixteenth century
260 _bWalter de Gruyter
260 _bWalter de Gruyter
260 _c2023
856 _uhttps://www.degruyterbrill.com/document/doi/10.1525/9780520337299/html
942 _cEBOOK
999 _c1554348
_d1554348